[Event "DEM U10 2021"]
[Site "Willingen GER"]
[Date "2021.08.26"]
[Round "7"]
[White "Wartenberg, Alexander"]
[Black "Merenda, Lukas-Benedikt"]
[Result "1/2-1/2"]
[Termination "normal"]
[Board "7"]
[WhiteElo "1424"]
[BlackElo "1222"]
[WhiteClock "00:12:46"]
[BlackClock "00:14:12"]
[PlyCount "140"]
[WhiteFideId "16280768"]
[BlackFideId "34603336"]
[EventCountry "GER"]
[EventRounds "11"]
[EventType "swiss"]
[EventDate "2021.08.22"]

1. e4 {[%clk 01:15:57]} {[%emt 00:00:02]} e5 {[%clk 01:15:55]} {[%emt
00:00:05]} 2. Nf3 {[%clk 01:16:23]} {[%emt 00:00:03]} Nc6 {[%clk 01:16:20]}
{[%emt 00:00:06]} 3. d4 {[%clk 01:16:50]} {[%emt 00:00:03]} exd4 {[%clk
01:16:33]} {[%emt 00:00:17]} 4. Nxd4 {[%clk 01:17:16]} {[%emt 00:00:04]} Bb4+
{[%clk 01:16:42]} {[%emt 00:00:22]} 5. c3 {[%clk 01:17:28]} {[%emt 00:00:17]}
Bc5 {[%clk 01:17:04]} {[%emt 00:00:07]} 6. Be3 {[%clk 01:17:49]} {[%emt
00:00:09]} Bb6 {[%clk 01:17:28]} {[%emt 00:00:06]} 7. Nxc6 {[%clk 01:17:21]}
{[%emt 00:00:59]} bxc6 {[%clk 01:17:00]} {[%emt 00:00:57]} 8. Bxb6 {[%clk
01:17:35]} {[%emt 00:00:16]} axb6 {[%clk 01:16:12]} {[%emt 00:01:19]} 9. Qd4
{[%clk 01:15:48]} {[%emt 00:02:16]} Nf6 {[%clk 01:13:45]} {[%emt 00:02:57]} 10.
e5 {[%clk 01:15:45]} {[%emt 00:00:34]} Nd5 {[%clk 01:11:21]} {[%emt 00:02:53]}
11. Bc4 {[%clk 01:15:01]} {[%emt 00:01:14]} Bb7 {[%clk 01:11:19]} {[%emt
00:00:33]} 12. O-O {[%clk 01:10:39]} {[%emt 00:04:52]} O-O {[%clk 01:11:18]}
{[%emt 00:00:31]} 13. Nd2 {[%clk 01:09:16]} {[%emt 00:01:53]} b5 {[%clk
01:06:43]} {[%emt 00:05:05]} 14. Bd3 {[%clk 01:06:56]} {[%emt 00:02:50]} Nb6
{[%clk 00:57:04]} {[%emt 00:10:09]} 15. Qe4 {[%clk 01:06:30]} {[%emt 00:00:56]}
g6 {[%clk 00:56:45]} {[%emt 00:00:49]} 16. Nf3 {[%clk 01:05:37]} {[%emt
00:01:23]} d5 {[%clk 00:51:02]} {[%emt 00:06:13]} 17. exd6 {[%clk 01:05:06]}
{[%emt 00:01:00]} cxd6 {[%clk 00:51:17]} {[%emt 00:00:17]} 18. Qe3 {[%clk
00:58:22]} {[%emt 00:07:13]} Kg7 {[%clk 00:49:08]} {[%emt 00:02:37]} 19. Qd4+
{[%clk 00:58:01]} {[%emt 00:00:53]} f6 {[%clk 00:48:50]} {[%emt 00:00:47]} 20.
Ng5 {[%clk 00:53:51]} {[%emt 00:04:40]} Bc8 {[%clk 00:44:42]} {[%emt 00:04:38]}
21. Ne4 {[%clk 00:53:20]} {[%emt 00:01:02]} d5 {[%clk 00:42:55]} {[%emt
00:02:17]} 22. Nc5 {[%clk 00:53:14]} {[%emt 00:00:36]} Nc4 {[%clk 00:40:57]}
{[%emt 00:02:27]} 23. Rfe1 {[%clk 00:49:43]} {[%emt 00:04:00]} Nxb2 {[%clk
00:38:49]} {[%emt 00:02:40]} 24. Re2 {[%clk 00:39:43]} {[%emt 00:10:30]} Nxd3
{[%clk 00:37:55]} {[%emt 00:01:24]} 25. Qxd3 {[%clk 00:39:22]} {[%emt
00:00:51]} Re8 {[%clk 00:37:03]} {[%emt 00:01:23]} 26. Rae1 {[%clk 00:36:11]}
{[%emt 00:03:40]} Rxe2 {[%clk 00:35:36]} {[%emt 00:01:55]} 27. Qxe2 {[%clk
00:35:20]} {[%emt 00:01:23]} Kf7 {[%clk 00:33:35]} {[%emt 00:02:30]} 28. Ne6
{[%clk 00:35:10]} {[%emt 00:00:41]} Qd6 {[%clk 00:33:34]} {[%emt 00:00:31]} 29.
Nd4 {[%clk 00:31:45]} {[%emt 00:03:54]} Bd7 {[%clk 00:32:42]} {[%emt 00:01:23]}
30. Qd2 {[%clk 00:27:09]} {[%emt 00:05:06]} Kg7 {[%clk 00:31:28]} {[%emt
00:01:44]} 31. Qe2 {[%clk 00:25:44]} {[%emt 00:01:54]} Re8 {[%clk 00:30:14]}
{[%emt 00:01:45]} 32. Qd2 {[%clk 00:25:50]} {[%emt 00:00:24]} Re5 {[%clk
00:30:08]} {[%emt 00:00:36]} 33. Nf3 {[%clk 00:25:19]} {[%emt 00:01:01]} Rxe1+
{[%clk 00:28:48]} {[%emt 00:01:49]} 34. Qxe1 {[%clk 00:25:30]} {[%emt
00:00:15]} c5 {[%clk 00:27:16]} {[%emt 00:02:07]} 35. h3 {[%clk 00:20:25]}
{[%emt 00:05:34]} Kf7 {[%clk 00:23:54]} {[%emt 00:03:53]} 36. Qd2 {[%clk
00:19:23]} {[%emt 00:01:31]} g5 {[%clk 00:23:48]} {[%emt 00:00:36]} 37. Qd3
{[%clk 00:16:51]} {[%emt 00:03:02]} Kg7 {[%clk 00:24:12]} {[%emt 00:00:06]} 38.
Nd2 {[%clk 00:16:05]} {[%emt 00:01:17]} Qe5 {[%clk 00:22:26]} {[%emt 00:02:15]}
39. Nf3 {[%clk 00:15:17]} {[%emt 00:01:18]} Qe4 {[%clk 00:19:38]} {[%emt
00:03:18]} 40. Qxe4 {[%clk 00:14:59]} {[%emt 00:00:48]} dxe4 {[%clk 00:19:56]}
{[%emt 00:00:13]} 41. Nd2 {[%clk 00:15:20]} {[%emt 00:00:08]} f5 {[%clk
00:20:22]} {[%emt 00:00:05]} 42. Nb3 {[%clk 00:15:38]} {[%emt 00:00:12]} c4
{[%clk 00:19:56]} {[%emt 00:00:56]} 43. Nc5 {[%clk 00:15:57]} {[%emt 00:00:11]}
Be8 {[%clk 00:19:58]} {[%emt 00:00:28]} 44. Ne6+ {[%clk 00:12:57]} {[%emt
00:03:30]} Kf6 {[%clk 00:20:18]} {[%emt 00:00:10]} 45. Nc7 {[%clk 00:11:20]}
{[%emt 00:02:06]} Bc6 {[%clk 00:20:06]} {[%emt 00:00:43]} 46. Na6 {[%clk
00:11:32]} {[%emt 00:00:17]} f4 {[%clk 00:20:04]} {[%emt 00:00:32]} 47. Nb4
{[%clk 00:11:31]} {[%emt 00:00:31]} Bb7 {[%clk 00:18:15]} {[%emt 00:02:19]} 48.
Nc2 {[%clk 00:11:17]} {[%emt 00:00:44]} Ke5 {[%clk 00:18:23]} {[%emt 00:00:22]}
49. a3 {[%clk 00:11:01]} {[%emt 00:00:46]} e3 {[%clk 00:15:56]} {[%emt
00:02:58]} 50. f3 {[%clk 00:10:56]} {[%emt 00:00:34]} h5 {[%clk 00:13:56]}
{[%emt 00:02:31]} 51. Nd4 {[%clk 00:10:33]} {[%emt 00:00:53]} Ba6 {[%clk
00:13:52]} {[%emt 00:00:34]} 52. Nc6+ {[%clk 00:09:58]} {[%emt 00:01:04]} Kd6
{[%clk 00:14:11]} {[%emt 00:00:11]} 53. Nd4 {[%clk 00:10:17]} {[%emt 00:00:12]}
b4 {[%clk 00:10:25]} {[%emt 00:04:16]} 54. axb4 {[%clk 00:10:32]} {[%emt
00:00:14]} Bc8 {[%clk 00:10:51]} {[%emt 00:00:05]} 55. Nb5+ {[%clk 00:10:01]}
{[%emt 00:01:01]} Kc6 {[%clk 00:10:30]} {[%emt 00:00:51]} 56. Na7+ {[%clk
00:10:12]} {[%emt 00:00:19]} Kb7 {[%clk 00:10:53]} {[%emt 00:00:06]} 57. Nxc8
{[%clk 00:10:33]} {[%emt 00:00:10]} Kxc8 {[%clk 00:11:17]} {[%emt 00:00:06]}
58. Kf1 {[%clk 00:10:45]} {[%emt 00:00:17]} Kc7 {[%clk 00:11:43]} {[%emt
00:00:05]} 59. Ke2 {[%clk 00:10:41]} {[%emt 00:00:33]} Kc6 {[%clk 00:12:03]}
{[%emt 00:00:11]} 60. Ke1 {[%clk 00:09:12]} {[%emt 00:01:59]} Kb5 {[%clk
00:12:18]} {[%emt 00:00:14]} 61. Ke2 {[%clk 00:09:41]} Ka4 {[%clk 00:12:02]}
{[%emt 00:00:48]} 62. Ke1 {[%clk 00:09:57]} {[%emt 00:00:14]} Kb5 {[%clk
00:11:07]} {[%emt 00:01:25]} 63. Kd1 {[%clk 00:10:03]} {[%emt 00:00:24]} Ka4
{[%clk 00:11:26]} {[%emt 00:00:11]} 64. Ke2 {[%clk 00:10:28]} {[%emt 00:00:05]}
Kb5 {[%clk 00:11:47]} {[%emt 00:00:09]} 65. Kd1 {[%clk 00:10:53]} {[%emt
00:00:04]} Kb6 {[%clk 00:12:11]} {[%emt 00:00:07]} 66. Ke2 {[%clk 00:11:11]}
{[%emt 00:00:11]} Kc6 {[%clk 00:12:36]} {[%emt 00:00:05]} 67. Kd1 {[%clk
00:11:35]} {[%emt 00:00:06]} Kb5 {[%clk 00:13:02]} {[%emt 00:00:05]} 68. Ke2
{[%clk 00:11:56]} {[%emt 00:00:09]} Kc6 {[%clk 00:13:28]} {[%emt 00:00:05]} 69.
Kd1 {[%clk 00:12:24]} Kb6 {[%clk 00:13:53]} {[%emt 00:00:05]} 70. Ke2 {[%clk
00:12:46]} {[%emt 00:00:08]} Kb5 {[%clk 00:14:12]} {[%emt 00:00:11]} 1/2-1/2

[Event "DEM U10 2021"]
[Site "Willingen GER"]
[Date "2021.08.26"]
[Round "7"]
[White "Sajka, Noah"]
[Black "Bundan, Edward"]
[Result "0-1"]
[Termination "normal"]
[Board "8"]
[WhiteElo "1402"]
[BlackElo "1236"]
[WhiteClock "00:29:53"]
[BlackClock "00:21:49"]
[PlyCount "74"]
[WhiteFideId "34608192"]
[BlackFideId "34603042"]
[EventCountry "GER"]
[EventRounds "11"]
[EventType "swiss"]
[EventDate "2021.08.22"]

1. e4 {[%clk 01:15:58]} {[%emt 00:00:01]} c5 {[%clk 01:15:50]} {[%emt
00:00:10]} 2. c3 {[%clk 01:16:13]} {[%emt 00:00:15]} d6 {[%clk 01:15:24]}
{[%emt 00:00:56]} 3. d4 {[%clk 01:16:17]} {[%emt 00:00:27]} cxd4 {[%clk
01:15:22]} {[%emt 00:00:32]} 4. cxd4 {[%clk 01:16:20]} {[%emt 00:00:26]} Nf6
{[%clk 01:15:21]} {[%emt 00:00:31]} 5. Nc3 {[%clk 01:15:58]} {[%emt 00:00:53]}
g6 {[%clk 01:14:26]} {[%emt 00:01:24]} 6. h3 {[%clk 01:15:04]} {[%emt
00:01:24]} Bg7 {[%clk 01:14:16]} {[%emt 00:00:39]} 7. Nf3 {[%clk 01:14:39]}
{[%emt 00:00:56]} O-O {[%clk 01:13:53]} {[%emt 00:00:53]} 8. Bc4 {[%clk
01:14:15]} {[%emt 00:00:55]} Nxe4 {[%clk 01:12:42]} {[%emt 00:01:40]} 9. Bxf7+
{[%clk 01:13:10]} {[%emt 00:01:35]} Rxf7 {[%clk 01:12:37]} {[%emt 00:00:35]}
10. Nxe4 {[%clk 01:13:15]} {[%emt 00:00:26]} Bf5 {[%clk 01:11:37]} {[%emt
00:01:30]} 11. Neg5 {[%clk 01:12:01]} {[%emt 00:01:44]} Rf8 {[%clk 01:10:46]}
{[%emt 00:01:20]} 12. Qb3+ {[%clk 01:11:33]} {[%emt 00:00:58]} d5 {[%clk
01:05:28]} {[%emt 00:05:47]} 13. Qxb7 {[%clk 01:11:06]} {[%emt 00:00:58]} Nd7
{[%clk 01:01:33]} {[%emt 00:04:22]} 14. Qxd5+ {[%clk 01:09:43]} {[%emt
00:01:55]} e6 {[%clk 01:01:02]} {[%emt 00:01:02]} 15. Qc4 {[%clk 01:02:13]}
{[%emt 00:07:59]} Rc8 {[%clk 00:57:50]} {[%emt 00:03:40]} 16. Qb3 {[%clk
00:58:47]} {[%emt 00:03:59]} h6 {[%clk 00:55:42]} {[%emt 00:02:36]} 17. Nxe6
{[%clk 00:57:25]} {[%emt 00:01:55]} Re8 {[%clk 00:54:03]} {[%emt 00:02:08]} 18.
d5 {[%clk 00:57:15]} {[%emt 00:00:41]} Nc5 {[%clk 00:53:31]} {[%emt 00:01:02]}
19. Qd1 {[%clk 00:53:46]} {[%emt 00:03:58]} Bxe6 {[%clk 00:52:52]} {[%emt
00:01:08]} 20. dxe6 {[%clk 00:53:36]} {[%emt 00:00:41]} Rxe6+ {[%clk 00:52:54]}
{[%emt 00:00:28]} 21. Be3 {[%clk 00:53:46]} {[%emt 00:00:20]} Nd3+ {[%clk
00:52:26]} {[%emt 00:00:58]} 22. Kf1 {[%clk 00:53:08]} {[%emt 00:01:06]} Rd6
{[%clk 00:48:58]} {[%emt 00:04:00]} 23. Qb3+ {[%clk 00:50:52]} {[%emt
00:02:46]} Kh7 {[%clk 00:48:14]} {[%emt 00:01:13]} 24. Kg1 {[%clk 00:47:29]}
{[%emt 00:03:54]} Qd7 {[%clk 00:42:51]} {[%emt 00:05:44]} 25. h4 {[%clk
00:43:07]} {[%emt 00:05:01]} Bf6 {[%clk 00:38:09]} {[%emt 00:05:10]} 26. Ng5+
{[%clk 00:40:00]} {[%emt 00:03:39]} Bxg5 {[%clk 00:37:31]} {[%emt 00:01:06]}
27. hxg5 {[%clk 00:40:09]} {[%emt 00:00:24]} h5 {[%clk 00:35:46]} {[%emt
00:02:14]} 28. Rh4 {[%clk 00:38:56]} {[%emt 00:01:43]} Ne5 {[%clk 00:27:00]}
{[%emt 00:09:15]} 29. Bf4 {[%clk 00:37:45]} {[%emt 00:01:42]} Rd3 {[%clk
00:26:11]} {[%emt 00:01:17]} 30. Qb4 {[%clk 00:35:15]} {[%emt 00:03:02]} Ng4
{[%clk 00:24:17]} {[%emt 00:02:23]} 31. Re1 {[%clk 00:32:14]} {[%emt 00:03:33]}
Re8 {[%clk 00:23:11]} {[%emt 00:01:35]} 32. Rxe8 {[%clk 00:31:15]} {[%emt
00:01:29]} Qxe8 {[%clk 00:23:07]} {[%emt 00:00:33]} 33. g3 {[%clk 00:30:23]}
{[%emt 00:01:23]} Rd1+ {[%clk 00:22:47]} {[%emt 00:00:51]} 34. Kg2 {[%clk
00:30:44]} {[%emt 00:00:08]} Qc6+ {[%clk 00:21:49]} {[%emt 00:01:24]} 35. f3
{[%clk 00:30:37]} {[%emt 00:00:40]} Qc2+ {[%clk 00:21:51]} {[%emt 00:00:28]}
36. Bd2 {[%clk 00:30:06]} {[%emt 00:01:02]} Rxd2+ {[%clk 00:21:49]} {[%emt
00:00:31]} 37. Qxd2 {[%clk 00:29:53]} {[%emt 00:00:43]} Qxd2+ {[%emt 00:00:10]}
0-1

[Event "DEM U10 2021"]
[Site "Willingen GER"]
[Date "2021.08.26"]
[Round "7"]
[White "Stichter, Constantin"]
[Black "Pflugbeil, Julian"]
[Result "1-0"]
[Termination "normal"]
[Board "9"]
[WhiteElo "1444"]
[BlackElo "1368"]
[WhiteClock "00:41:50"]
[BlackClock "01:06:20"]
[PlyCount "73"]
[WhiteFideId "34603140"]
[BlackFideId "34608850"]
[EventCountry "GER"]
[EventRounds "11"]
[EventType "swiss"]
[EventDate "2021.08.22"]

1. e4 {[%clk 01:15:58]} {[%emt 00:00:01]} d5 {[%clk 01:15:55]} {[%emt
00:00:05]} 2. exd5 {[%clk 01:16:16]} {[%emt 00:00:12]} Nf6 {[%clk 01:16:20]}
{[%emt 00:00:05]} 3. c4 {[%clk 01:16:28]} {[%emt 00:00:18]} c6 {[%clk
01:16:46]} {[%emt 00:00:05]} 4. d4 {[%clk 01:16:49]} {[%emt 00:00:08]} cxd5
{[%clk 01:17:10]} {[%emt 00:00:07]} 5. Nc3 {[%clk 01:17:03]} {[%emt 00:00:15]}
Nc6 {[%clk 01:17:30]} {[%emt 00:00:11]} 6. Nf3 {[%clk 01:16:43]} {[%emt
00:00:49]} Bg4 {[%emt 00:00:39]} 7. cxd5 {[%clk 01:10:38]} {[%emt 00:07:02]}
Nxd5 {[%clk 01:18:03]} {[%emt 00:00:20]} 8. Qb3 {[%clk 01:10:03]} {[%emt
00:01:04]} Bxf3 {[%clk 01:16:54]} {[%emt 00:01:41]} 9. gxf3 {[%clk 01:08:43]}
{[%emt 00:01:50]} Nb6 {[%clk 01:12:00]} {[%emt 00:05:24]} 10. d5 {[%clk
01:03:13]} {[%emt 00:05:59]} Ne5 {[%clk 01:09:33]} {[%emt 00:02:58]} 11. Be2
{[%clk 01:01:58]} {[%emt 00:01:44]} Rc8 {[%clk 01:08:47]} {[%emt 00:01:08]} 12.
Be3 {[%clk 00:58:03]} {[%emt 00:04:34]} g6 {[%emt 00:00:26]} 13. Qb5+ {[%emt
00:04:42]} Qd7 {[%clk 01:08:24]} 14. Bxb6 {[%clk 00:53:50]} {[%emt 00:01:27]}
axb6 {[%clk 01:08:24]} {[%emt 00:00:30]} 15. Qxb6 {[%clk 00:53:32]} {[%emt
00:00:47]} Nc4 {[%clk 01:07:02]} {[%emt 00:01:52]} 16. Qd4 {[%clk 00:53:30]}
{[%emt 00:00:33]} e5 {[%clk 01:07:11]} {[%emt 00:00:22]} 17. Qe4 {[%clk
00:53:36]} {[%emt 00:00:23]} Qf5 {[%clk 01:07:09]} {[%emt 00:00:32]} 18. Bxc4
{[%clk 00:50:09]} {[%emt 00:03:56]} Qxe4+ {[%clk 01:05:57]} {[%emt 00:01:42]}
19. fxe4 {[%clk 00:49:54]} {[%emt 00:00:46]} Rxc4 {[%clk 01:06:18]} {[%emt
00:00:10]} 20. f3 {[%clk 00:46:11]} {[%emt 00:04:13]} Bb4 {[%clk 01:06:30]}
{[%emt 00:00:17]} 21. Kd2 {[%clk 00:46:05]} {[%emt 00:00:35]} O-O {[%clk
01:06:51]} {[%emt 00:00:09]} 22. a3 {[%clk 00:45:31]} {[%emt 00:01:05]} Ba5
{[%clk 01:07:11]} {[%emt 00:00:10]} 23. b4 {[%clk 00:44:19]} {[%emt 00:01:42]}
Bb6 {[%clk 01:05:44]} {[%emt 00:01:58]} 24. Ne2 {[%clk 00:43:10]} {[%emt
00:01:38]} f5 {[%clk 01:05:35]} {[%emt 00:00:39]} 25. Kd3 {[%clk 00:42:29]}
{[%emt 00:01:11]} Rfc8 {[%clk 01:05:27]} {[%emt 00:00:36]} 26. Rac1 {[%clk
00:41:43]} {[%emt 00:01:17]} Rxc1 {[%clk 01:04:59]} {[%emt 00:00:57]} 27. Rxc1
{[%clk 00:41:51]} {[%emt 00:00:23]} Rxc1 {[%clk 01:05:28]} {[%emt 00:00:01]}
28. Nxc1 {[%clk 00:42:03]} {[%emt 00:00:18]} Bd4 {[%clk 01:05:48]} {[%emt
00:00:11]} 29. Nb3 {[%emt 00:01:15]} Bg1 {[%clk 01:05:42]} {[%emt 00:00:23]}
30. h3 {[%clk 00:41:20]} {[%emt 00:00:41]} f4 {[%clk 01:06:07]} {[%emt
00:00:05]} 31. a4 {[%clk 00:41:05]} {[%emt 00:00:45]} h5 {[%clk 01:05:33]}
{[%emt 00:01:04]} 32. a5 {[%clk 00:41:16]} {[%emt 00:00:20]} g5 {[%clk
01:05:58]} {[%emt 00:00:04]} 33. Nc5 {[%clk 00:40:54]} {[%emt 00:00:52]} g4
{[%clk 01:05:30]} {[%emt 00:00:58]} 34. fxg4 {[%clk 00:41:13]} {[%emt
00:00:11]} hxg4 {[%clk 01:05:14]} {[%emt 00:00:46]} 35. hxg4 {[%clk 00:41:36]}
{[%emt 00:00:07]} Kg7 {[%clk 01:05:36]} {[%emt 00:00:07]} 36. d6 {[%clk
00:41:51]} {[%emt 00:00:16]} Kf7 {[%clk 01:06:20]} {[%emt 00:00:19]} 37. Nxb7
{[%clk 00:41:50]} {[%emt 00:00:58]} 1-0

[Event "DEM U10 2021"]
[Site "Willingen GER"]
[Date "2021.08.26"]
[Round "7"]
[White "Ley, Cornelius"]
[Black "Shen, Tingrui"]
[Result "0-1"]
[Termination "normal"]
[Board "10"]
[WhiteElo "1447"]
[BlackElo "1508"]
[WhiteClock "00:34:27"]
[BlackClock "00:53:48"]
[PlyCount "40"]
[WhiteFideId "34608907"]
[BlackFideId "34603441"]
[EventCountry "GER"]
[EventRounds "11"]
[EventType "swiss"]
[EventDate "2021.08.22"]

1. e4 {[%clk 01:15:58]} {[%emt 00:00:01]} c5 {[%clk 01:15:43]} {[%emt
00:00:16]} 2. Nf3 {[%clk 01:16:23]} {[%emt 00:00:06]} g6 {[%clk 01:15:52]}
{[%emt 00:00:20]} 3. d4 {[%clk 01:16:49]} {[%emt 00:00:05]} cxd4 {[%clk
01:15:52]} {[%emt 00:00:29]} 4. Qxd4 {[%clk 01:17:13]} {[%emt 00:00:07]} Nf6
{[%clk 01:16:02]} {[%emt 00:00:20]} 5. e5 {[%clk 01:17:39]} {[%emt 00:00:04]}
Nc6 {[%clk 01:15:55]} {[%emt 00:00:36]} 6. Qa4 {[%clk 01:18:01]} {[%emt
00:00:09]} Nd5 {[%clk 01:15:58]} {[%emt 00:00:26]} 7. Qe4 {[%clk 01:18:26]}
{[%emt 00:00:05]} Ndb4 {[%clk 01:16:03]} {[%emt 00:00:25]} 8. Bb5 {[%clk
01:18:23]} {[%emt 00:00:35]} Qa5 {[%clk 01:16:07]} {[%emt 00:00:25]} 9. Nc3
{[%clk 01:16:18]} {[%emt 00:02:35]} Bg7 {[%clk 01:11:42]} {[%emt 00:04:54]} 10.
Bf4 {[%clk 01:07:07]} {[%emt 00:09:42]} O-O {[%clk 01:07:29]} {[%emt 00:04:43]}
11. Bc4 {[%clk 01:01:47]} {[%emt 00:05:50]} d5 {[%clk 01:06:55]} {[%emt
00:01:03]} 12. exd6 {[%clk 00:52:25]} {[%emt 00:09:53]} Bf5 {[%clk 01:06:24]}
{[%emt 00:01:01]} 13. Qe2 {[%clk 00:52:42]} {[%emt 00:00:13]} Nxc2+ {[%clk
01:06:03]} {[%emt 00:00:49]} 14. Kd2 {[%clk 00:52:45]} {[%emt 00:00:28]} Nxa1
{[%clk 01:05:51]} {[%emt 00:00:42]} 15. dxe7 {[%clk 00:48:25]} {[%emt
00:04:51]} Nxe7 {[%clk 01:04:24]} {[%emt 00:01:57]} 16. Rxa1 {[%clk 00:42:35]}
{[%emt 00:06:19]} Rad8+ {[%clk 01:03:19]} {[%emt 00:01:35]} 17. Kc1 {[%clk
00:42:00]} {[%emt 00:01:06]} Bxc3 {[%clk 00:56:50]} {[%emt 00:06:59]} 18. Qxe7
{[%clk 00:39:35]} {[%emt 00:02:54]} Rd7 {[%clk 00:55:58]} {[%emt 00:01:23]} 19.
Qe3 {[%clk 00:36:08]} {[%emt 00:03:37]} Rfd8 {[%clk 00:54:34]} {[%emt
00:02:13]} 20. bxc3 {[%clk 00:34:27]} {[%emt 00:02:10]} Qa3# {[%clk 00:53:48]}
{[%emt 00:01:17]} 0-1